000 00978nam a2200253 a 4500
001 BRCA_6872
005 20190320205626.0
008 170309s2010----mx-a######---#000-0#spa-#
020 _a9786077662334
041 _aspa
044 _amx
050 4 _aNK844
_b.S27 2010
245 1 0 _aSarape de Saltillo
_ccoordinación Regina Martínez Vera ; corrección de textos Grupo Azabache y Magdalena González.
260 _aMéxico
_bGrupo Azabache : INAH
_c2010
300 _a199 p.
_bil. (algunas a color)
_c35 cm.
500 _aIncluye lista de obra
500 _aIncluye piezas de la colección Franz Mayer: p. [36], [38], 41, [46], [48], 57, [59-60], [64], [70], [72], [76], 85, [94], [98], [108], 109, [120] y [140]-145
504 _aBibliografía: p. 185-[186]
650 1 4 _aSarapes
_vExposiciones
_zMéxico
_94736
650 1 4 _aTelas
_zSaltillo, México
_94737
700 1 _aMartínez Vera, Regina
_ecoord.
_917122
700 1 _aGonzález, Magdalena
_917066
942 _2lcc
_cB
999 _c6554
_d6554